000 00606nam a22001697a 4500
005 20251108165405.0
008 250721s1991 xx 000 0 ara d
082 1 4 _aم/213/ياس
100 1 _aحسين، أبو ياسر عصام بن غلام
_eمحقق
245 1 0 _aالتصنيف الفقهي لأحاديث كتاب الكنى و الأسماء لأبي بشر محمد بن الدولابي /
264 1 _aالقاهره :
_bدار الكتاب المصري،
_c1991.
300 _a
650 1 7 _aالإسلام
650 1 7 _aالحديث الشريف
942 _2ddc
_cREF
999 _c26773
_d26773